| 000 | 00520nam a2200169 4500 | ||
|---|---|---|---|
| 001 | 148407 | ||
| 003 | ES-MaACL | ||
| 005 | 20230906202619.0 | ||
| 007 | t| | ||
| 008 | 070214s1966 sp r ||||1| spa d | ||
| 100 | 1 |
_aStraub, Wilhelm. _9108392 |
|
| 245 | 1 | 0 |
_aCatequesis en dibujos / _cWilhelm Straub ; [versión... de José Luis Albizu]. |
| 260 |
_aBarcelona : _bHerder, _c1966 ( _fGrafesa) |
||
| 300 |
_aXX, 126 p. : _bil. ; _c22 cm. |
||
| 700 | 1 |
_aAlbizu, José Luis. _919396 |
|
| 852 |
_aES-MaACL _jC-30753 _bR.70297 |
||
| 999 |
_c148407 _d148407 |
||